000 00403nam a2200181Ia 4500
008 210210b1951 xxu||||| |||| 00| 0 eng d
041 _aeng
082 _a828/225
100 _aFISCHER(Louis)
245 _aLife of Mahatma Gandhi
260 _aLondon
_bJonathan Cape
_c1951
650 _aof
650 _aMahatma
650 _aLife
650 _aGandhi
690 _aBiography
906 _a016071
999 _c135461
_d135461